MARC details
| 000 -CABECERA |
| campo de control de longitud fija |
03066com a2200301 u 4500 |
| 003 - IDENTIFICADOR DEL NÚMERO DE CONTROL |
| campo de control |
MX-MxUPN |
| 005 - FECHA Y HORA DE LA ÚLTIMA TRANSACCIÓN |
| campo de control |
20250301063753.0 |
| 008 - ELEMENTOS DE LONGITUD FIJA--INFORMACIÓN GENERAL |
| campo de control de longitud fija |
190812s2012 mx br d00 onspa d |
| 020 ## - NÚMERO INTERNACIONAL NORMALIZADO PARA LIBROS |
| Número Internacional Estándar del Libro |
9786074861655 |
| 035 ## - NÚMERO DE CONTROL DEL SISTEMA |
| Número de control de sistema |
UPN01000231925 |
| 040 ## - FUENTE DE LA CATALOGACIÓN |
| Centro catalogador/agencia de origen |
MX-MxUPN |
| Lengua de catalogación |
spa |
| 050 #4 - SIGNATURA TOPOGRÁFICA DE LA BIBLIOTECA DEL CONGRESO |
| Número de clasificación |
F1219.3 E3 |
| Número de documento/Ítem |
T376 2012 |
| 245 10 - MENCIÓN DE TÍTULO |
| Título |
Tarjetas de auto-interaprendizaje : |
| Resto del título |
pueblo ngigua, ngiba y nahua |
| 250 ## - MENCIÓN DE EDICIÓN |
| Mención de edición |
Primera edición |
| 260 ## - PUBLICACIÓN, DISTRIBUCIÓN, ETC. |
| Lugar de publicación, distribución, etc. |
México : |
| Nombre del editor, distribuidor, etc. |
Secretaría de Educación Pública, Dirección General de Educación Indígena : |
| -- |
Centro de Investigaciones y Estudios Superiores en Antropología Social : |
| -- |
Unión de Maestros de la Nueva Educación para México e Independientes : |
| -- |
Universidad pedagógica Nacional, Unidad 211 , |
| Fecha de publicación, distribución, etc. |
2012. |
| 300 ## - DESCRIPCIÓN FÍSICA |
| Extensión |
1 volumen (35 páginas), 10 hojas plegadas, 10 tarjetas en nahuatl, 4 tarjetas en ngigua, 15 tarjetas en castellano, 1 DVD |
| 505 ## - NOTA DE CONTENIDO CON FORMATO PREESTABLECIDO |
| Título |
Guía para sembrar el método inductivo intercultural em comunidades y escuelas [volumen] / |
| Mención de responsabilidad |
Rossana Stella Podastá Siri, María Elena Santillán Pascolo, Odilia Hernández Carrillo, Eusebia Texis Salazar, Anastacio Cabrera Pérez, Cristhian García López. -- |
| Título |
Calendario socionatural Sierra Negra-Zona Alta-Ajalpan, Puebla : Nochi tlen onka itech nonahuaaltepe [hoja plegable] . -- |
| -- |
Calendario socionatural Mixteca Baja-Valle de Tehuacán, Puebla : Miauatl xochitl [hoja plegable]. -- |
| -- |
Calendario socionatural San marcos Tlacoyalco-Zona Baja, Puebla : Ansje nigua [hoja plegable]. -- |
| -- |
Calendario socionatural región frontal de la Malinche, Corredor Industrial Puebla- Tlaxcala : Totlantzin [hoja plegable]. -- |
| -- |
Calendario socionatural Sierra Negra-Zona Fría, Puebla : in teocuitlatlapialli ninmecayo in altepemeh [hoja plegable]. -- |
| -- |
Calendario socionatural Mixteca Baja-San Felipe Otlatepec, Puebla : Ñe ji chasen ngiba [hoja plegable]. -- |
| -- |
Calendario socionatural Mixteca Baja-Huatlatlauca, Puebla : Tlaltlaqualanilmeh teyeliz huan ic tlatlacah [hoja plegable]. -- |
| -- |
Calendario socionatural Sierra Negra-Zona Alta-Zoquitlán, Puebla : nochi tlen onka itech nonahuaaltepe [hoja plegable]. -- |
| -- |
Calendario socionatural región frontal de la Malinche Corredor Industrial Puebla-Tlaxcala : totlanantzin [hoja plegable]. -- |
| -- |
Calendario socionatural San Marcos Tlacoyalco-Zona Baja, puebla : ansje ngigua [hoja plegable].-- |
| -- |
Tarjetas de auto-interaprendizaje en nahuatl. -- |
| -- |
Tarjetas de auto-interaprendizaje en ngigua. -- |
| -- |
Tarjetas de autoaprendizaje en castellano. -- |
| -- |
Método inductivo intercultural en comunidades y escuelas REDIIN-CIESAS [DVD]. |
| 650 #4 - ASIENTO SECUNDARIO DE MATERIA - TERMINO TEMATICO |
| Término de materia o nombre geográfico como elemento de entrada |
Indígenas de México |
| Subdivisión general |
Educación |
| Subdivisión geográfica |
Puebla |
| 9 (RLIN) |
5138 |
| 650 #4 - ASIENTO SECUNDARIO DE MATERIA - TERMINO TEMATICO |
| 9 (RLIN) |
15808 |
| Término de materia o nombre geográfico como elemento de entrada |
Náhuatl |
| Subdivisión general |
Estudio y enseñanza (Elemental) |
| 650 #4 - ASIENTO SECUNDARIO DE MATERIA - TERMINO TEMATICO |
| Término de materia o nombre geográfico como elemento de entrada |
Popoloca |
| Subdivisión general |
Estudio y enseñanza (Elemental) |
| 9 (RLIN) |
49164 |
| 650 #7 - ASIENTO SECUNDARIO DE MATERIA - TERMINO TEMATICO |
| Término de materia o nombre geográfico como elemento de entrada |
Nahuas |
| Subdivisión general |
Vida social y costumbres |
| Fuente del encabezamiento o término |
|
| 9 (RLIN) |
18090 |
| 650 #7 - ASIENTO SECUNDARIO DE MATERIA - TERMINO TEMATICO |
| 9 (RLIN) |
49173 |
| Término de materia o nombre geográfico como elemento de entrada |
Popolocas (De Puebla) |
| Subdivisión general |
Vida social y costumbres |
| 650 #4 - ASIENTO SECUNDARIO DE MATERIA - TERMINO TEMATICO |
| Término de materia o nombre geográfico como elemento de entrada |
Educación bilingüe |
| 9 (RLIN) |
1532 |
| 700 1# - ASIENTO SECUNDARIO--NOMBRE DE PERSONAL |
| 9 (RLIN) |
34134 |
| Nombre de persona |
Bertely Busquets, María |
| Término indicativo de función/relación |
coordinación |
| 902 ## - ELEMENTOS DE DATOS B LOCAL, LDB (RLIN) |
| Modificó |
VíctorGodínez/060623 |
| 942 ## - ELEMENTOS DE PUNTO DE ACCESO ADICIONAL (KOHA) |
| Fuente del sistema de clasificación o colocación |
Library of Congress Classification |
| Tipo de ítem Koha |
Conjunto (Kit) |